Vista normal
Vista MARC
Entrada Materia (corporativa)
Número de registros utilizados en: 1
001 - CONTROL NUMBER
- control field: 172046
003 - CONTROL NUMBER IDENTIFIER
- control field: Co-BoUCM
005 - DATE AND TIME OF LATEST TRANSACTION
- control field: 20211112084334.0
008 - FIXED-LENGTH DATA ELEMENTS
- fixed length control field: 211112|| aca||aabn | a|a d
040 ## - CATALOGING SOURCE
- Original cataloging agency: Co-BoUCM
- Transcribing agency: Co-BoUCM
110 ## - HEADING--CORPORATE NAME
- Corporate name or jurisdiction name as entry element: Universidad Nacional de Lanus
670 ## - SOURCE DATA FOUND
- Source citation: Work cat.: (Co-BoUCM)92885: Alto Comisionado de Naciones Unidas para los Refugiados. ACNUR 172044, El asilo y la protección internacional de los refugiados en América Latina, 2003